000 00480nam a22001817a 4500
005 20230403153911.0
008 230401b |||||||| |||| 00| 0 eng d
020 _a978-81-317-2325-8
041 _aeng
082 _a545 MEN-V
100 _aMENDHAM,J.,DENNEY ,R.C.,AND OTHERS
_97708
245 _aVOGEL'S TEXTBOOK OF QUANTATIVE CHEMICAL ANALYSIS
250 _a6th ed.
260 _bPEARSON
_c2022
300 _a790;P.
650 _aPHARMACY
_xB. PHARMA
_97709
942 _cBK
999 _c8271
_d8269